[Event "Masters Tournament (MTO)"]
[Site "Biel, CH"]
[Date "2025.07.19"]
[Round "6"]
[White "Jelicic, Hugo"]
[Black "Schnell, Simon"]
[Result "1-0"]
[Board "32"]
[WhiteFideId "1349040"]
[BlackFideId "1345311"]
[WhiteElo "1908"]
[BlackElo "2144"]
[WhiteTeam "SUI"]
[BlackTeam "SUI"]
[WhiteClock "0:01:25"]
[BlackClock "0:09:59"]
[Variant "Standard"]

1. d4 {[%clk 1:24:40]}  d5 {[%clk 1:40:47]} 2. Nf3 {[%clk 1:25:08]}  e6 {[%clk 1:41:05]} 3. Bf4 {[%clk 1:25:34]}  Nf6 {[%clk 1:41:30]} 4. e3 {[%clk 1:26:01]}  Bd6 {[%clk 1:41:54]} 5. c3 {[%clk 1:24:29]}  O-O {[%clk 1:41:36]} 6. Bg3 {[%clk 1:23:06]}  c5 {[%clk 1:42:05]} 7. Nbd2 {[%clk 1:23:09]}  Qc7 {[%clk 1:42:24]} 8. Ne5 {[%clk 1:23:25]}  b6 {[%clk 1:40:28]} 9. f4 {[%clk 1:22:30]}  a5 {[%clk 1:35:12]} 10. a4 {[%clk 1:20:35]}  Nc6 {[%clk 1:33:02]} 11. Bh4 {[%clk 1:10:58]}  Ne8 {[%clk 1:27:15]} 12. Bb5 {[%clk 1:10:03]}  Bb7 {[%clk 1:18:52]} 13. Qg4 {[%clk 1:04:25]}  f5 {[%clk 0:57:10]} 14. Qg3 {[%clk 0:56:25]}  Nf6 {[%clk 0:55:44]} 15. Bxf6 {[%clk 0:55:38]}  Rxf6 {[%clk 0:45:59]} 16. h4 {[%clk 0:42:53]}  Rff8 {[%clk 0:50:50]} 17. Ndf3 {[%clk 0:33:11]}  Bxe5 {[%clk 0:46:28]} 18. fxe5 {[%clk 0:30:28]}  Ne7 {[%clk 0:43:54]} 19. Ng5 {[%clk 0:30:44]}  Qc8 {[%clk 0:41:10]} 20. Nh3 {[%clk 0:29:51]}  Bc6 {[%clk 0:33:17]} 21. Nf4 {[%clk 0:25:16]}  Bxb5 {[%clk 0:37:14]} 22. axb5 {[%clk 0:24:45]}  Qd7 {[%clk 0:36:27]} 23. h5 {[%clk 0:19:23]}  h6 {[%clk 0:30:31]} 24. Rh4 {[%clk 0:14:11]}  Rfe8 {[%clk 0:28:48]} 25. Qf2 {[%clk 0:09:51]}  Rac8 {[%clk 0:25:48]} 26. Qe2 {[%clk 0:08:44]}  Rc7 {[%clk 0:25:50]} 27. Kf1 {[%clk 0:08:29]}  Nc8 {[%clk 0:24:28]} 28. Kg1 {[%clk 0:05:26]}  c4 {[%clk 0:23:11]} 29. Kh2 {[%clk 0:05:24]}  Rf8 {[%clk 0:20:55]} 30. Rg1 {[%clk 0:05:14]}  Rf7 {[%clk 0:21:18]} 31. g4 {[%clk 0:04:49]}  fxg4 {[%clk 0:20:26]} 32. Rhxg4 {[%clk 0:04:46]}  Ne7 {[%clk 0:20:19]} 33. e4 {[%clk 0:04:45]}  dxe4 {[%clk 0:19:36]} 34. Qxe4 {[%clk 0:04:21]}  Nd5 {[%clk 0:15:11]} 35. Nxd5 {[%clk 0:00:42]}  Qxd5 {[%clk 0:17:51]} 36. Qxd5 {[%clk 0:00:42]}  exd5 {[%clk 0:18:20]} 37. Rg6 {[%clk 0:00:43]}  Rf5 {[%clk 0:14:25]} 38. Rxb6 {[%clk 0:00:37]}  Rxh5+ {[%clk 0:14:41]} 39. Kg2 {[%clk 0:00:42]}  Rf7 {[%clk 0:13:43]} 40. Rg6 {[%clk 0:00:44]}  Rhf5 {[%clk 0:11:02]} 41. e6 {[%clk 0:00:36]}  Rf2+ {[%clk 0:06:56]} 42. Kg3 {[%clk 0:06:16]}  R7f3+ {[%clk 0:33:02]} 43. Kh4 {[%clk 0:03:59]}  Rf4+ {[%clk 0:24:47]} 44. Kh3 {[%clk 0:03:11]}  R2f3+ {[%clk 0:22:47]} 45. Kh2 {[%clk 0:03:20]}  Rh4+ {[%clk 0:16:40]} 46. Kg2 {[%clk 0:03:42]}  Rff4 {[%clk 0:14:29]} 47. b6 {[%clk 0:02:42]}  Rf8 {[%clk 0:13:45]} 48. e7 {[%clk 0:01:36]}  Rb8 {[%clk 0:09:42]} 49. Re1 {[%clk 0:01:19]}  Re4 {[%clk 0:08:05]} 50. Rxe4 {[%clk 0:01:29]}  dxe4 {[%clk 0:08:34]} 51. Re6 {[%clk 0:00:54]}  Re8 {[%clk 0:09:04]} 52. b7 {[%clk 0:00:57]}  Kf7 {[%clk 0:09:33]} 53. Rxe4 {[%clk 0:01:17]}  g5 {[%clk 0:09:59]} 54. Re1 {[%clk 0:01:25]} 1-0

[Event "Masters Tournament (MTO)"]
[Site "Biel, CH"]
[Date "2025.07.19"]
[Round "6"]
[White "Vihaan Dumir"]
[Black "Guretchii, Kirill"]
[Result "1-0"]
[Board "33"]
[WhiteFideId "25901010"]
[BlackFideId "13911872"]
[WhiteTitle "CM"]
[WhiteElo "2143"]
[BlackElo "2029"]
[WhiteTeam "IND"]
[BlackTeam "MDA"]
[WhiteClock "0:29:37"]
[BlackClock "0:12:41"]
[Variant "Standard"]

1. d4 {[%clk 1:40:59]}  d5 {[%clk 1:39:33]} 2. Bf4 {[%clk 1:41:25]}  Nf6 {[%clk 1:39:34]} 3. e3 {[%clk 1:41:53]}  c5 {[%clk 1:39:54]} 4. Nf3 {[%clk 1:42:21]}  e6 {[%clk 1:40:08]} 5. Nbd2 {[%clk 1:42:48]}  Nc6 {[%clk 1:40:31]} 6. c3 {[%clk 1:43:14]}  cxd4 {[%clk 1:40:55]} 7. exd4 {[%clk 1:43:38]}  Nh5 {[%clk 1:41:21]} 8. Be3 {[%clk 1:44:01]}  Bd6 {[%clk 1:41:46]} 9. Ne5 {[%clk 1:44:13]}  Nf6 {[%clk 1:42:10]} 10. f4 {[%clk 1:44:36]}  Qb6 {[%clk 1:42:36]} 11. Qb3 {[%clk 1:45:00]}  Ng8 {[%clk 1:43:00]} 12. Bd3 {[%clk 1:43:31]}  Nge7 {[%clk 1:43:09]} 13. O-O {[%clk 1:38:52]}  O-O {[%clk 1:41:05]} 14. g3 {[%clk 1:32:59]}  f6 {[%clk 1:38:00]} 15. Nef3 {[%clk 1:35:24]}  Bd7 {[%clk 1:37:19]} 16. Rae1 {[%clk 1:30:11]}  Rac8 {[%clk 1:36:10]} 17. Bf2 {[%clk 1:26:32]}  g6 {[%clk 1:20:46]} 18. Re2 {[%clk 1:23:02]}  Na5 {[%clk 1:19:41]} 19. Qc2 {[%clk 1:26:04]}  Qc7 {[%clk 1:19:43]} 20. Nb3 {[%clk 1:19:44]}  Nxb3 {[%clk 1:10:40]} 21. axb3 {[%clk 1:23:01]}  b5 {[%clk 1:06:55]} 22. Qb1 {[%clk 1:18:55]}  a5 {[%clk 1:08:51]} 23. Rfe1 {[%clk 1:17:27]}  a4 {[%clk 1:03:47]} 24. b4 {[%clk 1:09:58]}  Ra8 {[%clk 0:59:35]} 25. Ne5 {[%clk 0:58:14]}  Bxe5 {[%clk 0:49:28]} 26. dxe5 {[%clk 1:14:08]}  f5 {[%clk 0:49:55]} 27. Bc5 {[%clk 1:13:56]}  Kf7 {[%clk 0:45:56]} 28. h3 {[%clk 1:06:50]}  Rfc8 {[%clk 0:45:28]} 29. Kh2 {[%clk 1:05:09]}  Qb7 {[%clk 0:39:38]} 30. Rg1 {[%clk 1:03:02]}  h5 {[%clk 0:38:24]} 31. Qe1 {[%clk 0:53:01]}  Rh8 {[%clk 0:34:00]} 32. Qf2 {[%clk 0:50:04]}  a3 {[%clk 0:29:31]} 33. bxa3 {[%clk 0:48:10]}  Rxa3 {[%clk 0:29:52]} 34. Ra2 {[%clk 0:48:33]}  Rxa2 {[%clk 0:25:10]} 35. Qxa2 {[%clk 0:49:02]}  h4 {[%clk 0:23:05]} 36. gxh4 {[%clk 0:47:42]}  d4 {[%clk 0:22:08]} 37. Qf2 {[%clk 0:44:08]}  dxc3 {[%clk 0:20:47]} 38. Qg3 {[%clk 0:44:20]}  Ra8 {[%clk 0:12:51]} 39. Qg5 {[%clk 0:29:37]}  Ra2+ {[%clk 0:12:58]} 40. Kg3 {[%clk 0:30:06]}  Ng8 {[%clk 0:12:23]} 41. h5 {[%clk 0:30:00]}  gxh5 {[%clk 0:12:19]} 42. Qxh5+ {[%clk 0:30:09]}  Kg7 {[%clk 0:12:41]} 43. Qg5+ {[%clk 0:29:37]} 1-0

[Event "Masters Tournament (MTO)"]
[Site "Biel, CH"]
[Date "2025.07.19"]
[Round "6"]
[White "Artan, Tamir"]
[Black "Poeck, Ole"]
[Result "1-0"]
[Board "34"]
[WhiteFideId "1346865"]
[BlackFideId "4682742"]
[BlackTitle "FM"]
[WhiteElo "2054"]
[BlackElo "2304"]
[WhiteTeam "SUI"]
[BlackTeam "GER"]
[WhiteClock "0:16:14"]
[BlackClock "0:35:04"]
[Variant "Standard"]

1. e4 {[%clk 1:36:10]}  e5 {[%clk 1:40:50]} 2. Nf3 {[%clk 1:33:40]}  Nc6 {[%clk 1:41:17]} 3. Bc4 {[%clk 1:33:34]}  Nf6 {[%clk 1:41:38]} 4. d3 {[%clk 1:33:21]}  Bc5 {[%clk 1:41:58]} 5. c3 {[%clk 1:31:35]}  d6 {[%clk 1:42:19]} 6. O-O {[%clk 1:30:22]}  a6 {[%clk 1:42:44]} 7. d4 {[%clk 1:25:38]}  Ba7 {[%clk 1:41:54]} 8. d5 {[%clk 1:21:47]}  Ne7 {[%clk 1:42:11]} 9. Bd3 {[%clk 1:21:59]}  Ng6 {[%clk 1:35:18]} 10. Be3 {[%clk 1:11:06]}  Nh5 {[%clk 1:30:31]} 11. g3 {[%clk 1:01:48]}  Bg4 {[%clk 1:33:36]} 12. Nbd2 {[%clk 1:00:32]}  O-O {[%clk 1:32:47]} 13. Qc2 {[%clk 0:57:44]}  Qd7 {[%clk 1:32:56]} 14. Rfe1 {[%clk 0:56:12]}  h6 {[%clk 1:31:55]} 15. Bxa7 {[%clk 0:54:55]}  Rxa7 {[%clk 1:31:54]} 16. Re3 {[%clk 0:54:07]}  Ne7 {[%clk 1:28:40]} 17. Nh4 {[%clk 0:52:16]}  g5 {[%clk 1:28:31]} 18. Ng2 {[%clk 0:51:45]}  f5 {[%clk 1:28:39]} 19. f3 {[%clk 0:51:06]}  Bh3 {[%clk 1:27:56]} 20. exf5 {[%clk 0:47:01]}  Nxd5 {[%clk 1:20:42]} 21. Bc4 {[%clk 0:44:59]}  c6 {[%clk 1:21:00]} 22. Qd3 {[%clk 0:36:13]}  Qf7 {[%clk 1:13:18]} 23. Ne4 {[%clk 0:30:13]}  b5 {[%clk 1:04:24]} 24. Bb3 {[%clk 0:30:11]}  Rd7 {[%clk 1:04:29]} 25. Re2 {[%clk 0:23:24]}  Bxg2 {[%clk 0:52:54]} 26. Rxg2 {[%clk 0:25:20]}  Kh8 {[%clk 0:50:33]} 27. Rd1 {[%clk 0:23:06]}  Qxf5 {[%clk 0:34:03]} 28. Bxd5 {[%clk 0:22:02]}  cxd5 {[%clk 0:33:18]} 29. Qxd5 {[%clk 0:21:57]}  Nf6 {[%clk 0:24:23]} 30. Nxd6 {[%clk 0:15:44]}  Nxd5 {[%clk 0:27:18]} 31. Nxf5 {[%clk 0:16:08]}  Rxf5 {[%clk 0:26:24]} 32. Rgd2 {[%clk 0:16:33]}  Nxc3 {[%clk 0:25:37]} 33. Rxd7 {[%clk 0:16:06]}  Nxd1 {[%clk 0:25:58]} 34. Rxd1 {[%clk 0:16:29]}  Rxf3 {[%clk 0:25:26]} 35. Rd6 {[%clk 0:13:33]}  Kg7 {[%clk 0:24:44]} 36. Re6 {[%clk 0:13:41]}  Rd3 {[%clk 0:24:32]} 37. Rxe5 {[%clk 0:12:04]}  Rd2 {[%clk 0:22:34]} 38. Re7+ {[%clk 0:10:54]}  Kf6 {[%clk 0:24:26]} 39. Rh7 {[%clk 0:10:38]}  a5 {[%clk 0:22:19]} 40. Rxh6+ {[%clk 0:09:56]}  Kf5 {[%clk 0:14:14]} 41. Rb6 {[%clk 0:23:25]}  Rxb2 {[%clk 0:51:44]} 42. a4 {[%clk 0:23:48]}  Ke4 {[%clk 0:44:30]} 43. axb5 {[%clk 0:22:35]}  Kd4 {[%clk 0:43:02]} 44. Rb8 {[%clk 0:20:19]}  Kc4 {[%clk 0:39:11]} 45. b6 {[%clk 0:20:21]}  Rb5 {[%clk 0:39:22]} 46. b7 {[%clk 0:18:47]}  Kb3 {[%clk 0:39:41]} 47. Ra8 {[%clk 0:18:46]}  Rxb7 {[%clk 0:39:58]} 48. Rxa5 {[%clk 0:19:11]}  Rg7 {[%clk 0:40:07]} 49. Kf2 {[%clk 0:16:18]}  g4 {[%clk 0:33:49]} 50. Ke3 {[%clk 0:17:29]}  Rh7 {[%clk 0:33:53]} 51. Kf4 {[%clk 0:17:19]}  Rxh2 {[%clk 0:34:18]} 52. Kxg4 {[%clk 0:17:20]}  Kc4 {[%clk 0:34:39]} 53. Kg5 {[%clk 0:17:00]}  Kd4 {[%clk 0:34:59]} 54. g4 {[%clk 0:16:46]}  Ke4 {[%clk 0:35:14]} 55. Kg6 {[%clk 0:16:41]}  Rb2 {[%clk 0:35:16]} 56. g5 {[%clk 0:16:18]}  Kf4 {[%clk 0:35:14]} 57. Kh6 {[%clk 0:15:34]}  Kg4 {[%clk 0:34:41]} 58. g6 {[%clk 0:15:49]}  Rb6 {[%clk 0:35:04]} 59. Kh7 {[%clk 0:16:14]} 1-0

[Event "Masters Tournament (MTO)"]
[Site "Biel, CH"]
[Date "2025.07.19"]
[Round "6"]
[White "Chen, Muxi"]
[Black "Stevens, Christian"]
[Result "1-0"]
[Board "35"]
[WhiteFideId "8626073"]
[BlackFideId "649090"]
[WhiteElo "2224"]
[BlackElo "2050"]
[WhiteTeam "CHN"]
[BlackTeam "FRA"]
[WhiteClock "0:00:51"]
[BlackClock "0:02:53"]
[Variant "Standard"]

1. e4 {[%clk 1:40:02]}  c5 {[%clk 1:40:54]} 2. Nf3 {[%clk 1:40:26]}  d6 {[%clk 1:41:16]} 3. d4 {[%clk 1:40:50]}  cxd4 {[%clk 1:41:38]} 4. Nxd4 {[%clk 1:41:15]}  Nf6 {[%clk 1:41:57]} 5. Nc3 {[%clk 1:41:40]}  a6 {[%clk 1:42:21]} 6. Be2 {[%clk 1:42:03]}  e5 {[%clk 1:42:15]} 7. Nb3 {[%clk 1:42:25]}  Be7 {[%clk 1:42:36]} 8. Be3 {[%clk 1:42:49]}  Be6 {[%clk 1:42:57]} 9. Nd5 {[%clk 1:43:13]}  Nbd7 {[%clk 1:39:57]} 10. Qd3 {[%clk 1:43:31]}  Bxd5 {[%clk 1:39:26]} 11. exd5 {[%clk 1:43:54]}  O-O {[%clk 1:39:13]} 12. O-O {[%clk 1:44:11]}  Ne8 {[%clk 1:36:00]} 13. c4 {[%clk 1:39:13]}  Rc8 {[%clk 1:32:41]} 14. a4 {[%clk 1:38:10]}  Bg5 {[%clk 1:28:43]} 15. a5 {[%clk 1:35:41]}  f5 {[%clk 1:25:23]} 16. f4 {[%clk 1:33:26]}  exf4 {[%clk 1:16:54]} 17. Bxf4 {[%clk 1:32:50]}  Nc5 {[%clk 1:05:35]} 18. Nxc5 {[%clk 1:28:24]}  Rxc5 {[%clk 1:01:18]} 19. b4 {[%clk 1:25:06]}  Rc7 {[%clk 0:59:29]} 20. Bg3 {[%clk 1:19:53]}  Qf6 {[%clk 0:49:24]} 21. Bf2 {[%clk 1:12:01]}  Re7 {[%clk 0:45:53]} 22. Bf3 {[%clk 1:05:48]}  Qh6 {[%clk 0:40:32]} 23. c5 {[%clk 1:03:15]}  Bf4 {[%clk 0:36:30]} 24. g3 {[%clk 0:33:01]}  Be5 {[%clk 0:32:37]} 25. Rab1 {[%clk 0:27:11]}  g5 {[%clk 0:24:36]} 26. c6 {[%clk 0:24:26]}  g4 {[%clk 0:23:17]} 27. Bg2 {[%clk 0:21:35]}  f4 {[%clk 0:20:31]} 28. cxb7 {[%clk 0:16:18]}  Rxb7 {[%clk 0:20:42]} 29. gxf4 {[%clk 0:09:15]}  Rxf4 {[%clk 0:16:35]} 30. Bg3 {[%clk 0:08:04]}  Rfxb4 {[%clk 0:12:10]} 31. Rxb4 {[%clk 0:05:53]}  Rxb4 {[%clk 0:12:11]} 32. Qf5 {[%clk 0:02:49]}  Qe3+ {[%clk 0:02:31]} 33. Kh1 {[%clk 0:02:28]}  Bf6 {[%clk 0:02:53]} 34. Re1 {[%clk 0:00:51]} 1-0

[Event "Masters Tournament (MTO)"]
[Site "Biel, CH"]
[Date "2025.07.19"]
[Round "6"]
[White "Mueller, Konstantin"]
[Black "Hirzel, Cedric"]
[Result "1-0"]
[Board "36"]
[WhiteFideId "34661778"]
[BlackFideId "1341910"]
[WhiteElo "2017"]
[BlackElo "2141"]
[WhiteTeam "GER"]
[BlackTeam "SUI"]
[WhiteClock "0:03:27"]
[BlackClock "0:06:05"]
[Variant "Standard"]

1. e4 {[%clk 1:40:57]}  c5 {[%clk 1:38:53]} 2. Nf3 {[%clk 1:41:18]}  d6 {[%clk 1:38:49]} 3. d4 {[%clk 1:41:37]}  cxd4 {[%clk 1:39:11]} 4. Nxd4 {[%clk 1:42:00]}  Nf6 {[%clk 1:39:35]} 5. Nc3 {[%clk 1:42:24]}  a6 {[%clk 1:38:26]} 6. Be2 {[%clk 1:42:35]}  e5 {[%clk 1:37:52]} 7. Nb3 {[%clk 1:42:55]}  Be7 {[%clk 1:37:00]} 8. Be3 {[%clk 1:42:42]}  Be6 {[%clk 1:37:23]} 9. O-O {[%clk 1:41:43]}  O-O {[%clk 1:37:12]} 10. f4 {[%clk 1:35:33]}  exf4 {[%clk 1:35:27]} 11. Bxf4 {[%clk 1:34:58]}  Nc6 {[%clk 1:28:34]} 12. Kh1 {[%clk 1:28:33]}  Ne5 {[%clk 1:18:46]} 13. Qd2 {[%clk 1:14:54]}  Rc8 {[%clk 1:13:59]} 14. Rad1 {[%clk 1:17:05]}  b5 {[%clk 1:08:45]} 15. a3 {[%clk 1:10:49]}  Qc7 {[%clk 1:04:30]} 16. Nd4 {[%clk 1:08:05]}  Rfd8 {[%clk 1:02:52]} 17. Qe3 {[%clk 1:04:11]}  Qc5 {[%clk 0:48:47]} 18. Qg3 {[%clk 0:56:56]}  Ng6 {[%clk 0:48:31]} 19. Nxe6 {[%clk 0:45:19]}  fxe6 {[%clk 0:48:31]} 20. Be3 {[%clk 0:38:38]}  Qc7 {[%clk 0:26:52]} 21. Bg5 {[%clk 0:35:41]}  Qd7 {[%clk 0:23:22]} 22. Bd3 {[%clk 0:28:17]}  Rf8 {[%clk 0:22:26]} 23. Ne2 {[%clk 0:22:44]}  e5 {[%clk 0:20:57]} 24. Rf5 {[%clk 0:18:20]}  Nh5 {[%clk 0:15:57]} 25. Qg4 {[%clk 0:17:50]}  Rxf5 {[%clk 0:14:28]} 26. exf5 {[%clk 0:17:48]}  Ngf4 {[%clk 0:14:21]} 27. Nxf4 {[%clk 0:09:09]}  Nxf4 {[%clk 0:14:42]} 28. Bxe7 {[%clk 0:08:22]}  Qxe7 {[%clk 0:12:31]} 29. f6 {[%clk 0:05:43]}  Qc7 {[%clk 0:12:55]} 30. fxg7 {[%clk 0:04:32]}  Re8 {[%clk 0:11:11]} 31. Be4 {[%clk 0:04:35]}  Qxg7 {[%clk 0:07:08]} 32. Qxg7+ {[%clk 0:04:31]}  Kxg7 {[%clk 0:07:33]} 33. Rxd6 {[%clk 0:04:55]}  Re6 {[%clk 0:06:57]} 34. Rd7+ {[%clk 0:04:47]}  Kf6 {[%clk 0:06:19]} 35. Rxh7 {[%clk 0:02:30]}  Rd6 {[%clk 0:05:14]} 36. Rh6+ {[%clk 0:03:27]}  Ke7 {[%clk 0:05:39]} 37. Rxd6 {[%clk 0:03:45]}  Kxd6 {[%clk 0:06:05]} 38. g3 {[%clk 0:03:27]} 1-0

[Event "Masters Tournament (MTO)"]
[Site "Biel, CH"]
[Date "2025.07.19"]
[Round "6"]
[White "Monteverde, Jonathan"]
[Black "He, Junchen"]
[Result "1/2-1/2"]
[Board "37"]
[WhiteFideId "1314580"]
[BlackFideId "8642427"]
[WhiteElo "2127"]
[BlackElo "2007"]
[WhiteTeam "SUI"]
[BlackTeam "CHN"]
[WhiteClock "0:00:17"]
[BlackClock "0:04:43"]
[Variant "Standard"]

1. d4 {[%clk 1:40:57]}  Nf6 {[%clk 1:40:44]} 2. c4 {[%clk 1:41:22]}  e6 {[%clk 1:41:04]} 3. Nc3 {[%clk 1:41:47]}  Bb4 {[%clk 1:41:26]} 4. Qc2 {[%clk 1:42:12]}  d6 {[%clk 1:41:03]} 5. Bg5 {[%clk 1:42:21]}  h6 {[%clk 1:41:38]} 6. Bh4 {[%clk 1:42:45]}  g5 {[%clk 1:42:01]} 7. Bg3 {[%clk 1:43:10]}  Bxc3+ {[%clk 1:41:06]} 8. Qxc3 {[%clk 1:32:22]}  Ne4 {[%clk 1:42:49]} 9. Qc2 {[%clk 1:28:49]}  f5 {[%clk 1:40:00]} 10. e3 {[%clk 1:32:47]}  Qf6 {[%clk 1:31:00]} 11. Bd3 {[%clk 1:24:15]}  Nxg3 {[%clk 1:36:41]} 12. hxg3 {[%clk 1:23:54]}  Bd7 {[%clk 1:30:55]} 13. Ne2 {[%clk 1:17:27]}  Nc6 {[%clk 1:34:33]} 14. a3 {[%clk 1:13:41]}  Ne7 {[%clk 1:27:15]} 15. Nc3 {[%clk 1:00:21]}  O-O-O {[%clk 1:25:35]} 16. O-O-O {[%clk 0:58:48]}  Kb8 {[%clk 1:18:01]} 17. Kb1 {[%clk 0:57:37]}  h5 {[%clk 1:14:50]} 18. Be2 {[%clk 0:47:52]}  g4 {[%clk 1:06:25]} 19. c5 {[%clk 0:39:46]}  Bc6 {[%clk 0:53:28]} 20. cxd6 {[%clk 0:39:14]}  cxd6 {[%clk 0:46:41]} 21. Rh2 {[%clk 0:36:57]}  h4 {[%clk 0:43:02]} 22. gxh4 {[%clk 0:34:15]}  Rxh4 {[%clk 1:00:33]} 23. Rxh4 {[%clk 0:34:28]}  Qxh4 {[%clk 1:00:57]} 24. g3 {[%clk 0:34:38]}  Qf6 {[%clk 0:58:06]} 25. Bc4 {[%clk 0:32:34]}  d5 {[%clk 0:38:07]} 26. Bd3 {[%clk 0:25:25]}  Nc8 {[%clk 0:31:50]} 27. Rc1 {[%clk 0:27:50]}  Nd6 {[%clk 0:30:26]} 28. Na4 {[%clk 0:26:47]}  e5 {[%clk 0:28:33]} 29. dxe5 {[%clk 0:22:43]}  Qxe5 {[%clk 0:28:13]} 30. Nc5 {[%clk 0:19:45]}  Rc8 {[%clk 0:23:32]} 31. Qc3 {[%clk 0:23:04]}  Qxc3 {[%clk 0:22:56]} 32. Rxc3 {[%clk 0:15:22]}  Ne4 {[%clk 0:14:34]} 33. Bxe4 {[%clk 0:22:46]}  fxe4 {[%clk 0:14:16]} 34. Ne6 {[%clk 0:18:16]}  Rh8 {[%clk 0:10:06]} 35. Rc2 {[%clk 0:19:41]}  Ba4 {[%clk 0:08:46]} 36. Re2 {[%clk 0:17:11]}  Bb3 {[%clk 0:08:19]} 37. Kc1 {[%clk 0:16:57]}  Rh1+ {[%clk 0:07:39]} 38. Kd2 {[%clk 0:17:15]}  Bc4 {[%clk 0:07:50]} 39. Re1 {[%clk 0:16:21]}  Rh2 {[%clk 0:08:13]} 40. Kc3 {[%clk 0:16:32]}  Rxf2 {[%clk 0:07:16]} 41. Nf4 {[%clk 0:06:53]}  Rf3 {[%clk 0:02:08]} 42. b3 {[%clk 0:03:29]}  Bb5 {[%clk 0:03:56]} 43. Nxd5 {[%clk 0:03:41]}  Rxg3 {[%clk 0:03:48]} 44. Kd4 {[%clk 0:29:10]}  Rg2 {[%clk 0:28:22]} 45. Kxe4 {[%clk 0:28:39]}  Bc6 {[%clk 0:28:48]} 46. Ke5 {[%clk 0:28:29]}  g3 {[%clk 0:27:43]} 47. e4 {[%clk 0:26:18]}  Rb2 {[%clk 0:10:41]} 48. Re3 {[%clk 0:19:21]}  g2 {[%clk 0:15:09]} 49. Rg3 {[%clk 0:19:43]}  Bxd5 {[%clk 0:14:45]} 50. exd5 {[%clk 0:11:09]}  Kc7 {[%clk 0:12:58]} 51. Rg7+ {[%clk 0:13:05]}  Kb6 {[%clk 0:13:05]} 52. b4 {[%clk 0:12:48]}  Re2+ {[%clk 0:12:54]} 53. Kd6 {[%clk 0:11:57]}  Rb2 {[%clk 0:08:02]} 54. Kd7 {[%clk 0:09:28]}  Rc2 {[%clk 0:10:13]} 55. d6 {[%clk 0:07:00]}  Rd2 {[%clk 0:08:48]} 56. Rg6 {[%clk 0:01:25]}  a6 {[%clk 0:04:06]} 57. a4 {[%clk 0:04:55]}  Ka7 {[%clk 0:03:45]} 58. Kc7 {[%clk 0:04:53]}  Rc2 {[%clk 0:04:10]} 59. Kd8 {[%clk 0:05:12]}  Rd2 {[%clk 0:03:29]} 60. d7 {[%clk 0:05:18]}  Kb8 {[%clk 0:03:41]} 61. Rg8 {[%clk 0:05:31]}  Ka7 {[%clk 0:03:58]} 62. a5 {[%clk 0:04:40]}  Rc2 {[%clk 0:03:54]} 63. Rg7 {[%clk 0:02:57]}  Rd2 {[%clk 0:03:56]} 64. Rg6 {[%clk 0:02:08]}  Rc2 {[%clk 0:03:52]} 65. Ke7 {[%clk 0:00:50]}  Re2 {[%clk 0:04:17]} 66. Kd8 {[%clk 0:00:48]}  Rd2 {[%clk 0:04:43]} 67. Ke7 {[%clk 0:00:17]} 1/2-1/2

[Event "Masters Tournament (MTO)"]
[Site "Biel, CH"]
[Date "2025.07.19"]
[Round "6"]
[White "Panda, Barnabas"]
[Black "Jordan, Theodor"]
[Result "1-0"]
[Board "38"]
[WhiteFideId "799556"]
[BlackFideId "1353152"]
[WhiteElo "2123"]
[BlackElo "1934"]
[WhiteTeam "HUN"]
[BlackTeam "SUI"]
[WhiteClock "0:19:47"]
[BlackClock "0:16:05"]
[Variant "Standard"]

1. d4 {[%clk 1:40:55]}  d5 {[%clk 1:40:53]} 2. c4 {[%clk 1:41:09]}  c6 {[%clk 1:41:19]} 3. Nf3 {[%clk 1:41:28]}  Nf6 {[%clk 1:41:43]} 4. Nc3 {[%clk 1:41:50]}  e6 {[%clk 1:42:08]} 5. e3 {[%clk 1:42:12]}  Nbd7 {[%clk 1:42:29]} 6. Bd3 {[%clk 1:42:22]}  dxc4 {[%clk 1:42:51]} 7. Bxc4 {[%clk 1:42:46]}  b5 {[%clk 1:43:18]} 8. Bd3 {[%clk 1:43:06]}  Bb7 {[%clk 1:43:40]} 9. e4 {[%clk 1:43:19]}  a6 {[%clk 1:43:55]} 10. e5 {[%clk 1:43:36]}  Nd5 {[%clk 1:44:05]} 11. Nxd5 {[%clk 1:43:18]}  cxd5 {[%clk 1:44:03]} 12. O-O {[%clk 1:35:55]}  Be7 {[%clk 1:44:16]} 13. Ne1 {[%clk 1:34:13]}  Nb8 {[%clk 1:35:45]} 14. f4 {[%clk 1:29:25]}  g6 {[%clk 1:34:59]} 15. Be3 {[%clk 1:26:39]}  Nc6 {[%clk 1:33:07]} 16. g4 {[%clk 1:14:24]}  Qb6 {[%clk 1:26:59]} 17. Nf3 {[%clk 0:43:48]}  h5 {[%clk 1:10:23]} 18. h3 {[%clk 0:49:34]}  hxg4 {[%clk 1:08:01]} 19. hxg4 {[%clk 0:49:57]}  O-O-O {[%clk 1:07:19]} 20. Kg2 {[%clk 0:46:46]}  Kb8 {[%clk 1:06:24]} 21. Qd2 {[%clk 0:44:45]}  Nb4 {[%clk 1:04:13]} 22. Bb1 {[%clk 0:41:52]}  a5 {[%clk 1:03:42]} 23. a3 {[%clk 0:33:06]}  Nc6 {[%clk 1:00:02]} 24. Bd3 {[%clk 0:32:51]}  a4 {[%clk 0:59:20]} 25. Qe2 {[%clk 0:30:47]}  Ba6 {[%clk 0:53:20]} 26. b3 {[%clk 0:26:35]}  axb3 {[%clk 0:33:12]} 27. Rfb1 {[%clk 0:24:38]}  Na5 {[%clk 0:28:08]} 28. a4 {[%clk 0:21:17]}  bxa4 {[%clk 0:27:45]} 29. Rxa4 {[%clk 0:21:39]}  Bc4 {[%clk 0:22:37]} 30. Bd2 {[%clk 0:19:36]}  Nc6 {[%clk 0:20:00]} 31. Bxc4 {[%clk 0:19:27]}  Nxd4 {[%clk 0:17:47]} 32. Nxd4 {[%clk 0:19:25]}  dxc4 {[%clk 0:16:32]} 33. Qxc4 {[%clk 0:19:29]}  Qb7+ {[%clk 0:16:05]} 34. Qc6 {[%clk 0:19:47]} 1-0